Kalanetika (Record no. 22970)
[ view plain ]
| 000 -LEADER | |
|---|---|
| fixed length control field | 01335nam a2200385 a 4500 |
| 001 - CONTROL NUMBER | |
| control field | 22970 |
| 003 - CONTROL NUMBER IDENTIFIER | |
| control field | SK-KTurca |
| 005 - DATE AND TIME OF LATEST TRANSACTION | |
| control field | 20260513092523.0 |
| 008 - FIXED-LENGTH DATA ELEMENTS--GENERAL INFORMATION | |
| fixed length control field | 250414s1993 xo slo |
| 015 ## - NATIONAL BIBLIOGRAPHY NUMBER | |
| National bibliography number | SNBA1993/11 |
| 020 ## - INTERNATIONAL STANDARD BOOK NUMBER | |
| International Standard Book Number | 8071180971 |
| 035 ## - SYSTEM CONTROL NUMBER | |
| System control number | SNK000016077 |
| 035 ## - SYSTEM CONTROL NUMBER | |
| System control number | urn:nbn:sk:snk-amlh1o |
| 035 ## - SYSTEM CONTROL NUMBER | |
| System control number | urn:nbn:sk:snk-am00bo9d |
| 035 ## - SYSTEM CONTROL NUMBER | |
| System control number | 08A7AE4A-8D5F-4A92-A16F-D537BEDD9A8F |
| 040 ## - CATALOGING SOURCE | |
| Original cataloging agency | SNK |
| Language of cataloging | slo |
| Transcribing agency | SNK |
| Description conventions | AACR2 |
| 041 0# - LANGUAGE CODE | |
| Language code of text/sound track or separate title | slo |
| 044 ## - COUNTRY OF PUBLISHING/PRODUCING ENTITY CODE | |
| MARC country code | xo |
| ISO country code | SK |
| 080 ## - UNIVERSAL DECIMAL CLASSIFICATION NUMBER | |
| Universal Decimal Classification number | 796.41.035(035) |
| Edition identifier | 1981 |
| 080 ## - UNIVERSAL DECIMAL CLASSIFICATION NUMBER | |
| Universal Decimal Classification number | 615.825 |
| Edition identifier | 1981 |
| 100 1# - MAIN ENTRY--PERSONAL NAME | |
| Personal name | Pinckney, Callan |
| Relationship | aut |
| 245 10 - TITLE STATEMENT | |
| Title | Kalanetika |
| Remainder of title | Vynikajúci cvičebný program na spevnenie svalov : Rýchla a spoľahlivá metóda na získanie peknej a pevnej postavy |
| Statement of responsibility, etc. | Callan Pinckney ; Aut. Sallie Batson ; Prekl. Taťjana Augstenová ; Graf. upr. Renáta Hrabušická ; Fotogr. Gary Moody |
| 250 ## - EDITION STATEMENT | |
| Edition statement | [1. vyd.] |
| 260 ## - PUBLICATION, DISTRIBUTION, ETC. | |
| Place of publication, distribution, etc. | Bratislava |
| Name of publisher, distributor, etc. | Ikar |
| Date of publication, distribution, etc. | 1993 |
| Place of manufacture | Bratislava |
| Manufacturer | Svornosť, spol. s r.o. |
| 300 ## - PHYSICAL DESCRIPTION | |
| Extent | 192 s., 15,94 AH, 16,15 VH |
| Dimensions | 28 cm |
| 366 ## - TRADE AVAILABILITY INFORMATION | |
| Note | 117 Sk |
| 655 #7 - INDEX TERM--GENRE/FORM | |
| Genre/form data or focus term | príručky |
| Source of term | SNK |
| 700 1# - ADDED ENTRY--PERSONAL NAME | |
| Personal name | Batson, Sallie |
| Relationship | aut |
| 700 1# - ADDED ENTRY--PERSONAL NAME | |
| Personal name | Augstenová, Taťjana |
| Relationship | trl |
| 700 1# - ADDED ENTRY--PERSONAL NAME | |
| Personal name | Hrabušická, Renáta |
| Relationship | ill |
| 700 1# - ADDED ENTRY--PERSONAL NAME | |
| Personal name | Moody, Gary |
| Relationship | pht |
| 942 ## - ADDED ENTRY ELEMENTS (KOHA) | |
| Source of classification or shelving scheme | Dewey Decimal Classification |
| Koha item type | Odborná literatúra pre dospelých |
| Suppress in OPAC | No |
| Stav vyradenia | Strata | Poškodenie | Spôsob nadobudnutia | Domovská knižnica | Aktuálna knižnica | Dátum nadobudnutia | Total checkouts | Čiarový kód exemplára | Date last seen | Typ exemplára |
|---|---|---|---|---|---|---|---|---|---|---|
| Dar | Obecná knižnica Turčianska Štiavnička | Obecná knižnica Turčianska Štiavnička | 13.05.2026 | 4738001267 | 13.05.2026 | Odborná literatúra pre dospelých |
